000 00282nam a22001337a 4500
008 170811b xxu||||| |||| 00| 0 eng d
020 _a07060228-X
041 _aeng
080 _a51
100 _a36
101 _aMAT
245 _aVECTOR ANALYSIS
_cSPIEGEL,M.R
942 _2udc
_cBK
999 _c23242
_d23242